000 00934nas a2200241 454500
001 54118
005 20260407193512.0
008 260407s1953####ag###########|||spa#d
003 AR-UNSa-BCEJYS
040 _aAR-UNSa-BCEJYS
_bspa
_cAR-UNSa-BCEJYS
080 _a349.2
_xDerecho del Trabajo
245 1 0 _aLegislación del trabajo
_pRevista mensual de legislación, jurisprudencia y doctrina
264 1 _aBuenos Aires :
_bEdiciones Contabilidad Moderna
_c1953
310 _aFrecuencia: Anual Revista Legislación del trabajo encudernada en tomos Cambia de Director a partir del Tomo XVIII/A por Juan Carlos Fernández Madrid Cambia de Director a partir del Tomo XXVIII/A por Carlos A. Raimondi
041 _aspa
942 _cSER
590 _aniveau_biblio:s niveau_hierar:1
100 1 _aRaimondi, Carlos A.
650 _aDerecho del trabajo
650 _aDerecho laboral
650 _aLegislación
650 _aJURISPRUDENCIA
999 _c8971
_d8971